AQA: Advanced Economics (Record no. 463)

MARC details
005 - DATE AND TIME OF LATEST TRANSACTION
control field 20250312113540.0
020 ## - INTERNATIONAL STANDARD BOOK NUMBER
International Standard Book Number 0-86003-761-4
082 ## - DEWEY DECIMAL CLASSIFICATION NUMBER
Classification number 330 POW
100 ## - MAIN ENTRY--PERSONAL NAME
Author name POWELL, R.
245 ## - TITLE STATEMENT
Title AQA: Advanced Economics
260 ## - PUBLICATION, DISTRIBUTION, ETC.
Place of publication, distribution, etc. Oxfordshire,
Name of publisher, distributor, etc. Philip Allan Updates,
Date of publication, distribution, etc. 2005.
300 ## - PHYSICAL DESCRIPTION
Extent xii, 515p.: figure, ill.; picture, table
Other physical details Index.
Dimensions 24cm.
856 ## - ELECTRONIC LOCATION AND ACCESS
Link text Access Online Book
Electronic name Economics
Path www.philipallan.co.uk
942 ## - ADDED ENTRY ELEMENTS (KOHA)
Source of classification or shelving scheme Dewey Decimal Classification
Koha item type Books
Holdings
Date last seen Total checkouts Full call number Barcode Cost, replacement price Price effective from Koha item type Lost status Source of classification or shelving scheme Damaged status Not for loan Withdrawn status Home library Current library Shelving location Date acquired Cost, normal purchase price
03/12/2025   330 POW 0000001814 144000.00 03/12/2025 Books   Dewey Decimal Classification       College of Business Education Main Library College of Business Education Main Library General Collection 03/12/2025 48000.00